Elenca la formazione - Finale UEFA Europa League 2020-2021 - Statistics

Statistiche generali
  • Questo quiz è stato fatto 33 volte
  • Il punteggio medio è 16 su 22
Statistiche sulle risposte
Ruolo Nazione Calciatore % Corretto
Portiere Spagna David de Gea
100%
Difensore Svezia Victor Lindelöf
100%
Difensore Inghilterra Luke Shaw
97%
Centrocampista Scozia Scott McTominay
97%
Trequartista Portogallo Bruno Fernandes
93%
Attaccante 7Uruguay Edinson Cavani
93%
Ala Inghilterra Marcus Rashford
93%
Centrocampista Francia Paul Pogba
93%
Attaccante Spagna Gerard Moreno
86%
Portiere Argentina Gerónimo Rulli
86%
Difensore Costa d'Avorio Eric Bailly
83%
Centrocampista Spagna Daniel Parejo
79%
Difensore Inghilterra Aaron Wan-Bissaka
76%
Attaccante Colombia Carlos Bacca
72%
Difensore Spagna Pau Torres
62%
Ala Inghilterra Mason Greenwood
59%
Difensore Spagna Raúl Albiol
55%
Difensore Argentina Juan Foyth
52%
Centrocampista Francia Étienne Capoue
48%
Attaccante Spagna Yeremi Pino
41%
Difensore Spagna Alfonso Pedraza
38%
Centrocampista Spagna Manu Trigueros
24%
Nessun quiz corrispondente trovato
Distribuzione punteggi
Percentuale di utenti per punteggio
Percentile per numero di risposta
I tuoi punteggi nel tempo
Non hai fatto questo quiz